| 000 | 00485nam a22001817a 4500 | ||
|---|---|---|---|
| 003 | CEME | ||
| 005 | 20210628203125.0 | ||
| 008 | 210201b xxu||||| |||| 00| 0 eng d | ||
| 020 | _a051101273X | ||
| 040 | _c. | ||
| 082 | _a621.38152 ADH | ||
| 100 |
_aVenables, John.A _963460 |
||
| 245 | _aIntroduction to surface and thin film processes | ||
| 260 |
_aLONDON _bCAMBRIDGE UNIVERSITY PRESS _c2007 |
||
| 300 | _aXVI, 372P | ||
| 650 |
_aTHIN FILM PROCESSES _963461 |
||
| 942 |
_cBK _2ddc |
||
| 999 |
_c572274 _d572274 |
||